000 00939cam a22002651 4500
001 l 46000040
003 DLC
005 20260227111539.0
008 890810s1946 dcua f000 0 eng
010 _al 46000040
035 _a(OCoLC)20158817
040 _aDLC
_cPEL
_dPEL
_dOCoLC
_dDLC
042 _apremarc
050 0 0 _aHD8051
_b.A62 no. 861
100 1 _aDavid, Lily Mary.
245 1 0 _aWage structure in the machinery industries, January 1945.
260 _aWashington,
_bU.S. Govt. Print. Off.,
_c[1946]
300 _aiv, 12 p.
_billus.
_c23 cm.
490 0 _aU. S. Bureau of labor statistics. Bulletin
_vno. 861
500 _aA more detailed report was issued in mimeograph form in 1945 as the Bureau's Wage structure. Series 2, no. 1.
500 _a"Reprinted from the Monthly labor review, February 1946."
650 0 _aWages
_zUnited States.
650 0 _aMachinery industry.
650 0 _aWages
_xMachinery industry.
999 _c36521
_d36521